MARC

LEADER 00000nam0a2200000 4500
001 311975
005 20231102002435.0
020 |a RU  |b 81-41675ж 
035 |a (RuTPU)RU\TPU\book\337342 
090 |a 311975 
100 |a 20151215a1981 km y0rusy5003 ca 
101 0 |a rus 
102 |a UA 
105 |a a z 001zy 
200 1 |a Элементы и устройства автоматизированных систем управления  |h Вып. 1  |f Харьковский политехнический институт (ХПИ) ; под ред. В. Г. Воронова 
210 |a Харьков  |c Вища школа  |d 1981 
215 |e (ил.)  |a 99 с.  |c ил. 
225 1 |a Вестник Харьковского политехнического института  |v № 179 
606 1 |a Организация управления  |x Автоматизация  |2 stltpush  |3 (RuTPU)RU\TPU\subj\47294  |9 66348 
610 1 |a автоматические системы управления 
610 1 |a АСУ 
610 1 |a элементы 
610 1 |a устройства 
610 1 |a разработка 
610 1 |a электронные устройства 
610 1 |a контрольные устройства 
610 1 |a случайные процессы 
675 |a 681.011.56  |z rus  |v 3 
702 1 |a Воронов  |b В. Г.  |g Виктор Георгиевич  |4 340 
712 0 2 |a Харьковский политехнический институт (ХПИ)  |c (1929- )  |2 stltpush  |3 (RuTPU)RU\TPU\col\291 
801 0 |a RU  |b RuMRKP  |c 19950704  |g psbo 
801 1 |a RU  |b 63413507  |c 20151215 
801 2 |a RU  |b 63413507  |c 20181004  |g RCR 
942 |c BK